Catálogo bibliográfico de la Biblioteca Cervantina / reunida hasta el presente por Juan Sedó Peris-Mencheta
Descripción Física:
83 p. : il. ; 32 cm
MARC
| LEADER | 00000nam a2200000Ia 4500 | ||
|---|---|---|---|
| 001 | 20693 | ||
| 008 | 160829s1935 xx 000 0 cat d | ||
| 080 | |a FOL-3-50 | ||
| 100 | 1 | |a Sedó i Peris-Mencheta, Joan, |d 1908-1966 |9 23966 | |
| 245 | |a Catálogo bibliográfico de la Biblioteca Cervantina / reunida hasta el presente por Juan Sedó Peris-Mencheta | ||
| 260 | |a Barcelona : |b José Bosch, |c 1935 | ||
| 300 | |a 83 p. : |b il. ; |c 32 cm | ||
| 590 | |a A la portada: Ediciones del D. Quijote, bibliografía cervantina, iconografía. | ||
| 590 | |a Prové de Q-440, exp. 49 | ||
| 650 | |a Cervantes Saavedra, Miguel de |x Bibliografia |x Catàlegs |9 21099 | ||
| 650 | |a Sedó Peris-Mencheta, Juan |x Biblioteca |9 46813 | ||
| 650 | |a Biblioteca Cervantina de Juan Sedó Peris-Mencheta |9 30112 | ||
| 901 | |a Arxiu | ||
| 942 | |n 1 | ||
| 952 | |0 0 |1 0 |4 0 |6 FOL350 |7 1 |9 53468 |a Arxiu |b Arxiu |d 2016-12-01 |l 0 |o FOL-3-50 |p 20693 |r 2016-12-01 00:00:00 |w 2016-12-01 |y ARXIU | ||
| 999 | |c 57334 |d 57334 | ||